| 000 | 02285cam a2200397 i 4500 | ||
|---|---|---|---|
| 999 |
_c20342 _d20342 |
||
| 001 | 20706711 | ||
| 003 | OSt | ||
| 005 | 20240624090602.0 | ||
| 008 | 181006s2019 enk b 001 0 eng c | ||
| 010 | _a 2018040508 | ||
| 020 |
_a9781350032200 _q(softcover) |
||
| 020 |
_a9781350032217 _q(hardcover) |
||
| 020 |
_z9781350032231 _q(epdf) |
||
| 020 |
_z9781350032224 _q(ebook) |
||
| 040 |
_aLBSOR/DLC _beng _cLBSOR _erda _dDLC |
||
| 042 | _apcc | ||
| 050 | 0 | 0 |
_aPR504.5 _b.W56 2019 |
| 082 | 0 | 0 |
_aDC 809.1 _22019 _bW670 |
| 100 | 1 |
_aWilliams, Rhian, _d1978- _eauthor. _957373 |
|
| 245 | 1 | 4 |
_aThe poetry toolkit : _bthe essential guide to studying poetry / _cRhian Williams. |
| 250 | _a3rd edition. | ||
| 264 | 1 |
_aLondon ; _aNew York : _bBloomsbury Academic, _c2019. |
|
| 300 |
_axv, 345 pages ; _c22 cm |
||
| 336 |
_atext _btxt _2rdacontent |
||
| 337 |
_aunmediated _bn _2rdamedia |
||
| 338 |
_avolume _bnc _2rdacarrier |
||
| 504 | _aIncludes bibliographical references and index. | ||
| 505 | 0 | _aTypes and traditions -- Forms -- Prosody -- Rhyme -- Stanza -- Wordplay -- Close reading. | |
| 520 |
_a"Now thoroughly revamped with a diverse selection of poetic voices from the last fifty years, this third edition of Rhian Williams's bestselling book, The Poetry Toolkit guides readers through key terms, genres and concepts that help them to develop a richer, more sophisticated approach to reading, thinking and writing about poetry. Combining an easy-to-use reference format with in-depth practice readings and further exercises, the book helps students master the study of poetry for themselves. As well as featuring more contemporary voices, the third edition of The Poetry Toolkit includes an expanded practical section giving guidance on close reading, comparative reading and advice on writing critically about poetry"-- _cProvided by publisher. |
||
| 650 | 0 |
_aEnglish poetry _xStudy and teaching. _957374 |
|
| 650 | 0 |
_aPoetry _xStudy and teaching. _957375 |
|
| 776 | 0 | 8 |
_iOnline version: _aWilliams, Rhian, 1978- author. _tPoetry toolkit _b3rd edition. _dLondon, UK ; New York, NY : Bloomsbury Academic, 2019 _z9781350032224 _w(DLC) 2018051805 |
| 906 |
_a7 _bcbc _corignew _d1 _eecip _f20 _gy-gencatlg |
||
| 942 |
_2ddc _cDC |
||